000 00840nam a2200241Ia 4500
003 GCL
008 140319s9999 xx 000 0 ara d
020 _a7331601977
040 _aGCL /
_cGCL
082 0 4 _aق
_b932.022
_bن ع
100 1 _aنبيل راغب
245 1 0 _aعصر الاسكندرية الذهبى :
_bرؤية مصرية علمية /
_cنبيل راغب
260 _aالقاهرة :
_bالهيئة المصرية العامة للكتاب ،
_c1993
300 _a366 ص:
_bايض ؛
_c24 سم
490 _a
650 0 4 _aمصر
650 0 4 _aمصر القديمة
650 0 4 _aالحضارة الفرعونية
650 0 4 _aالاسكندرية
650 0 4 _aمكتبة الاسكندرية القديمة
650 0 4 _aمصر القديمة - تاريخ - العصر اليونانى
942 _2ddc
_cBK
999 _c53013
_d53013